Technology, strategy, and arms control / (Record no. 184312)

000 -LEADER
fixed length control field 01151 a2200241 4500
003 - CONTROL NUMBER IDENTIFIER
control field Nust
005 - DATE AND TIME OF LATEST TRANSACTION
control field 20230302110507.0
010 ## - LIBRARY OF CONGRESS CONTROL NUMBER
LC control number 85017861
020 ## - INTERNATIONAL STANDARD BOOK NUMBER
International Standard Book Number 0813301777 :
020 ## - INTERNATIONAL STANDARD BOOK NUMBER
International Standard Book Number 0813301785 (pbk.) :
040 ## - CATALOGING SOURCE
Transcribing agency Nust
082 00 - DEWEY DECIMAL CLASSIFICATION NUMBER
Classification number 327.174, TEC
245 00 - TITLE STATEMENT
Title Technology, strategy, and arms control /
Statement of responsibility, etc. edited by Wolfram F. Hanrieder.
260 ## - PUBLICATION, DISTRIBUTION, ETC.
Place of publication, distribution, etc. Boulder :
Name of publisher, distributor, etc. Westview Press,
Date of publication, distribution, etc. 1986.
300 ## - PHYSICAL DESCRIPTION
Extent x, 162 p. ;
Dimensions 24 cm.
505 ## - FORMATTED CONTENTS NOTE
Formatted contents note US Soviet Negotiations And The Arms Race (Page-1), The Nuclear Superpower Relationship (Page-15), Integrating Arms Control In Europe (Page-27), Arms Control And Federal Republic of Germany(Page-49), Assured Strategic Stupidity (Page-65), Strategic Arms Limitation Negotiations (Page-93), Technological Development, The Military Balance And Arms Control (Page-115), Transforming International Security (Page-131), A Christian Response To The Arms Race (Page-149).
650 #0 - SUBJECT ADDED ENTRY--TOPICAL TERM
Topical term or geographic name entry element Arms control.
9 (RLIN) 85781
650 #0 - SUBJECT ADDED ENTRY--TOPICAL TERM
Topical term or geographic name entry element Arms race
General subdivision History
Chronological subdivision 20th century.
9 (RLIN) 109717
650 #0 - SUBJECT ADDED ENTRY--TOPICAL TERM
Topical term or geographic name entry element Military readiness.
9 (RLIN) 48717
650 #0 - SUBJECT ADDED ENTRY--TOPICAL TERM
Topical term or geographic name entry element National security.
9 (RLIN) 12985
700 1# - ADDED ENTRY--PERSONAL NAME
Personal name Hanrieder, Wolfram F.
9 (RLIN) 109720
942 ## - ADDED ENTRY ELEMENTS (KOHA)
Source of classification or shelving scheme
Koha item type Book
Holdings
Withdrawn status Lost status Source of classification or shelving scheme Damaged status Not for loan Permanent Location Current Location Shelving location Date acquired Full call number Barcode Date last seen Price effective from Koha item type Public note
          Military College of Signals (MCS) Military College of Signals (MCS) General Stacks 12/12/2016 327.174,TEC MCS20838 12/08/2016 12/12/2016 Book Almirah No.50, Shelf No.1
© 2023 Central Library, National University of Sciences and Technology. All Rights Reserved.